<?xml version="1.0" encoding="UTF-8"?>
<record
    xmlns:xsi="http://www.w3.org/2001/XMLSchema-instance"
    xsi:schemaLocation="http://www.loc.gov/MARC21/slim http://www.loc.gov/standards/marcxml/schema/MARC21slim.xsd"
    xmlns="http://www.loc.gov/MARC21/slim">

  <leader>00748nam a22001577a 4500</leader>
  <controlfield tag="008">150612b        xxu||||| |||| 00| 0 eng d</controlfield>
  <datafield tag="082" ind1=" " ind2=" ">
    <subfield code="a">708</subfield>
    <subfield code="b">C 268z</subfield>
  </datafield>
  <datafield tag="100" ind1=" " ind2=" ">
    <subfield code="a">Cardoso, Maria Fernanda</subfield>
    <subfield code="9">3079</subfield>
  </datafield>
  <datafield tag="245" ind1=" " ind2=" ">
    <subfield code="a">Zoomorphia: Maria Fernanda Cardoso</subfield>
    <subfield code="c">Cardoso, Maria Fernanda; Elizabeth and Macgregor</subfield>
  </datafield>
  <datafield tag="260" ind1=" " ind2=" ">
    <subfield code="a">Sydney, Australia</subfield>
    <subfield code="b">Museum of Contemporary art</subfield>
    <subfield code="c">2003</subfield>
  </datafield>
  <datafield tag="300" ind1=" " ind2=" ">
    <subfield code="a">79 p.</subfield>
    <subfield code="b">ill. (col)</subfield>
    <subfield code="c">24x18 cm</subfield>
  </datafield>
  <datafield tag="505" ind1=" " ind2=" ">
    <subfield code="t">Foreword: Elizabeth and Macgregor</subfield>
    <subfield code="t">Essay: The Tamer Tamed</subfield>
    <subfield code="r">Carolina Ponce de Le&#xF3;n</subfield>
    <subfield code="t">Cardoso Flea Circus /Circo de Pulgas Cardoso</subfield>
    <subfield code="t">Maria Fernanda Cardoso Interviewed</subfield>
  </datafield>
  <datafield tag="600" ind1=" " ind2=" ">
    <subfield code="a">Cardoso, Maria Fernanda</subfield>
    <subfield code="x">Exhibiciones</subfield>
    <subfield code="9">3080</subfield>
  </datafield>
  <datafield tag="650" ind1=" " ind2=" ">
    <subfield code="x">Arte moderno-S.20</subfield>
    <subfield code="x">Arte-Colombia</subfield>
    <subfield code="x">Arte-animales</subfield>
    <subfield code="9">3081</subfield>
  </datafield>
  <datafield tag="700" ind1=" " ind2=" ">
    <subfield code="a">Maria Fernanda Cardoso </subfield>
    <subfield code="9">3082</subfield>
  </datafield>
  <datafield tag="999" ind1=" " ind2=" ">
    <subfield code="c">684</subfield>
    <subfield code="d">684</subfield>
  </datafield>
  <datafield tag="952" ind1=" " ind2=" ">
    <subfield code="0">0</subfield>
    <subfield code="1">0</subfield>
    <subfield code="2">ddc</subfield>
    <subfield code="4">0</subfield>
    <subfield code="7">0</subfield>
    <subfield code="a">LV</subfield>
    <subfield code="b">LV</subfield>
    <subfield code="c">Monograf&#xED;as</subfield>
    <subfield code="d">2015-06-12</subfield>
    <subfield code="l">0</subfield>
    <subfield code="o">708 C 268z</subfield>
    <subfield code="p">000632</subfield>
    <subfield code="r">2015-06-12 00:00:00</subfield>
    <subfield code="w">2015-06-12</subfield>
    <subfield code="y">01</subfield>
  </datafield>
</record>
